Taylor Swift songs that start with "E" - Statistics

General Stats
  • This quiz has been taken 20 times
    10 since last reset
  • The average score is 8 of 10
Answer Stats
Answer % Correct
Enchanted
100%
evermore
100%
exile
100%
Eldest Daughter
83%
End Game
83%
Everything Has Changed
83%
Electric Touch
67%
Elizabeth Taylor
67%
epiphany
67%
Eyes Open
33%
No matching quizzes found
Score Distribution
Percent of People with Each Score
Percentile by Number Answered
Your Score History
You have not taken this quiz since the last reset